000 00373 a2200157 4500
003 Nust
005 20170207153529.0
040 _cNust
082 _a297.124
100 _aIbn-e-Kaseer
245 _a Ahsanul Kalam
_bTafseer (Urdu)
_cTafseer Ibne Kaseer
260 _aLahore
_bDarusslam
300 _a1132:p
538 _aAlmirah No.58 and Shelf No.3
650 _aTafseer Quran
942 _2ddc
_cBK
999 _c187924
_d187924